000 00240nam a2200097Ia 4500
008 240331s9999 xx 000 0 und d
082 _bGUN
100 _aGunarathna, D.K
245 0 _aPruthuvikaranaya saha hejamaniye nawa swarupaya
942 _cL
999 _c5608
_d5608